[Event "RUS-Cup07"]
[Site "Tomsk"]
[Date "1998.07.21"]
[Round "7"]
[White "Karpatchev, Aleksandr"]
[Black "Frolov, Denis"]
[Result "1/2-1/2"]
[WhiteElo "2570"]
[BlackElo "2350"]
[Annotator "Atlas,V"]
[PlyCount "94"]
[EventDate "1998.07.15"]
[EventType "swiss"]
[EventRounds "9"]
[EventCountry "RUS"]
[SourceTitle "CBM 067"]
[Source "ChessBase"]
[SourceDate "1998.11.30"]
[SourceVersion "2"]
[SourceVersionDate "1998.11.01"]
[SourceQuality "1"]

{[%mdl 4096]} 1. e4 e5 2. Nf3 Nc6 3. Bc4 Nf6 4. d4 exd4 5. e5 d5 6. Bb5 Ne4 7.
Nxd4 Bc5 8. Be3 Bd7 9. Bxc6 bxc6 10. Nd2 Nxd2 11. Qxd2 Qe7 12. Nb3 Bb6 13. O-O
O-O 14. Qc3 f6 15. f4 fxe5 16. fxe5 Rfe8 17. Bc5 Qg5 18. Rae1 {Commenting the
game Tzermiadianos,A-Cela,A/Athens 1994 for the 65th Chess Informant, A.
Tzermiadianos assessed this position as +/=.} Re6 19. Qf3 ({An interesting
alternative to the text is} 19. Nd4 $5 Rg6 (19... Rxe5 $2 20. Nf3) 20. Rf2 Bh3
(20... Re8 21. e6 $1) 21. Ref1 (21. Ree2 Qc1+ (21... Bxc5 22. Qxc5 Bxg2 $2 23.
Rxg2 Qc1+ 24. Kf2 Rf8+ 25. Nf3 Qh1 26. Qxf8+ $1 Kxf8 27. Rxg6 hxg6 28. Re1 $18)
22. Re1 Qg5 $11) 21... h6 22. Nf3 (22. Bxb6 $2 Bxg2 23. Ne6 Bf3+ $1 (23... Be4+
24. Nxg5 Rxg5+ 25. Qg3) 24. Nxg5 Rxg5+ 25. Rg2 Rxg2+ 26. Kh1 Be4 $1 $19) 22...
Qg4 23. Ne1 $14) 19... Qe7 20. Qe3 (20. Bxb6 axb6 21. Nd4 Rg6 (21... Rxe5 $2
22. Rxe5 Qxe5 23. Qf7+ $18) 22. a3 $13) 20... Re8 21. Bxe7 Bxe3+ 22. Rxe3 R6xe7
23. Nc5 Bc8 24. Rfe1 {[%mdl 4096] The endgame seems favourable for White, yet
with the following manoeuvre Black eliminates e-pawn and White's advantage
evaaporates therewith.} Bf5 $8 25. c3 Be4 $1 26. e6 (26. Nxe4 Rxe5) 26... Bf5
27. h3 h5 28. Kf2 h4 29. Re5 g6 30. Ke3 (30. Kf3 $5 Rf8 $140 31. Ke3) 30...
Bxe6 31. Kf4 Kf7 32. Kg5 Bf5 33. Rxe7+ Rxe7 34. Rxe7+ Kxe7 35. Kxh4 Kd6 36. b4
Ke5 37. Kg5 d4 38. cxd4+ Kxd4 {[%csl Ra2,Rb4][%cal Gd4b4]} 39. h4 Bb1 40. Ne6+
Kc4 41. a3 (41. Nf4 Kxb4 42. Nxg6 c5) {[#]} 41... a5 $8 {Otherwise White
promotes his h-pawn.} (41... Kb3 42. Nf4 Kxa3 43. Nxg6 Kxb4 44. h5 Ba2 45. h6
Bg8 46. Kf6 $18) 42. bxa5 Kb5 43. Nd4+ {White tries to pick up double c-pawns
and later win an endgame due to an advantage on the K-side, but this plan
fails.} Kxa5 44. Nxc6+ Kb5 45. Nd4+ Ka4 46. Ne6 c6 $1 47. g4 Kxa3 (47... Kxa3
48. Nf4 c5 49. Nxg6 Bxg6 50. Kxg6 c4 51. h5 c3 52. h6 c2 53. h7 c1=Q 54. h8=Q
Qc2+ $11) 1/2-1/2

[Event "RUS-ch51"]
[Site "St Petersburg"]
[Date "1998.08.05"]
[Round "9"]
[White "Karpatchev, Aleksandr"]
[Black "Potapov, Alexander"]
[Result "0-1"]
[WhiteElo "2515"]
[BlackElo "2475"]
[Annotator "Atlas,V"]
[PlyCount "78"]
[EventDate "1998.07.28"]
[EventType "swiss"]
[EventRounds "11"]
[EventCountry "RUS"]
[SourceTitle "CBM 067"]
[Source "ChessBase"]
[SourceDate "1998.11.30"]
[SourceVersion "2"]
[SourceVersionDate "1998.11.01"]
[SourceQuality "1"]

1. e4 {[%mdl 512]} e5 2. Nf3 Nc6 3. Bc4 Nf6 4. d4 exd4 5. e5 d5 6. Bb5 Ne4 7.
Nxd4 Bc5 8. Be3 Bd7 9. Bxc6 bxc6 10. Nd2 Nxd2 (10... Qe7 11. Nxe4 dxe4 12. e6
$1 fxe6 $1 (12... Bxe6 $2 13. Nxe6 Bxe3 14. Nxg7+ Kf8 15. Nf5 $1 $18) 13. Nxc6
$1 {/\ Qh5 ץc5} Bb4+ 14. Nxb4 Qxb4+ 15. Qd2 Qxd2+ 16. Kxd2 $14 {/\ Kc3}) 11.
Qxd2 O-O (11... Qe7 12. Nb3 Bb6 13. Qc3 O-O 14. O-O Rfe8 $1 (14... Rae8 15. Bc5
$1 Bxc5 16. Nxc5 $14) 15. f4 Qe6 (15... f6 16. Bc5 fxe5 17. fxe5 Qh4 $5 (17...
Qg5 18. Rae1 $14) 18. Nd2 $1 d4 19. Qa3 $14 {/\ Nf3}) 16. Rae1 Qg6 17. Rf3 Bf5
18. Rg3 Qh6 19. Rg5 $1 Bd7 20. Kh1 Re7 21. Bc5 Re6 22. Qf3 Rae8 23. Rf1 g6 24.
Rg3 $1 Qg7 25. Qc3 $16 {/\ Nd4. Tzermiadianos,A-Cela,A/Athens 1994/Inf 65/
[Tzermiadianos,And] (25)}) 12. O-O Bb6 13. Bg5 $5 {In contrast with the
reference game Black abstained from moving a queen and White tries to exploit
it immediately.} (13. Nb3 Qe7 14. Qc3) 13... Qe8 (13... Qc8 14. a4 $14) 14.
Rfe1 Be6 15. a4 Bxd4 16. Qxd4 Bf5 17. Qc3 (17. c4 $142 $14) 17... Qe6 18. Be3
Qg6 19. Bc5 Rfe8 20. Rac1 h5 21. Re3 h4 22. h3 Re6 23. Qd4 Qh6 24. c4 Rg6 25.
Rcc3 (25. cxd5 $2 Bxh3 $17) 25... dxc4 (25... Qg5 {deserved serious attention
instead. In this case the game could have continue as follows:} 26. g4 Bxg4 27.
hxg4 Qxg4+ 28. Kf1 (28. Qxg4 Rxg4+ 29. Kh2 d4 30. Kh3 Rf4 31. Bxd4 (31. Rf3
dxc3 $19) 31... Rxd4 32. e6 Re8 $17) 28... Qg2+ 29. Ke2 Rg4 30. Qd2 (30. Qd1
Rf4 31. Red3 Re8 32. cxd5 Rxe5+ 33. Kd2 Rxf2+ 34. Bxf2 Qxf2+ 35. Kc1 Re1 36.
dxc6 Qf4+ 37. Kb1 Rxd1+ 38. Rxd1 g5 $19) 30... Rf4 31. Kd1 (31. Red3 Re4+ 32.
Be3 (32. Re3 d4 $1) 32... h3 33. Qe1 h2 34. Rc1 Rxc4 $17) 31... Rxf2 32. Re2
$13) 26. Qxc4 $2 (26. Be7 $142 {[%csl Rh4]}) 26... Rd8 27. Be7 Rd1+ 28. Kh2 {
[#]} Rxg2+ $1 {This attractive sacrifice should have led to the decisive
advantage for Black. Yet, he should play precisely to prove the sac correct.}
29. Kxg2 Qg6+ 30. Kf3 Bxh3 31. Ke2 (31. Qxh4 Qg2+ 32. Ke2 Bg4+ $19) 31... Qg1
32. Rxh3 Qf1+ 33. Ke3 Qxh3+ 34. Ke2 Qf1+ 35. Kf3 Qh1+ 36. Ke2 h3 $1 37. Qg4 $8
Qf1+ ({Black misses a beautiful opportunity} 37... Qe1+ 38. Kf3 h2 $1 39. Qc8+
Rd8 $3 40. Qxd8+ Kh7 41. Qd3+ g6 $17) 38. Ke3 Re1+ $2 39. Kd4 Qa6 {Apparently,
White forfeited on time. His position after 40.Rxh3 is winning.} (39... Qxf2+
40. Kc4 $16) 0-1

[Event "Mukachevo m"]
[Site "Mukachevo"]
[Date "2009.09.26"]
[Round "6"]
[White "Efimenko, Zahar"]
[Black "Short, Nigel D"]
[Result "1/2-1/2"]
[WhiteElo "2654"]
[BlackElo "2706"]
[Annotator "Bischoff,K"]
[PlyCount "64"]
[EventDate "2009.09.20"]
[EventType "match"]
[EventRounds "6"]
[EventCountry "UKR"]
[SourceTitle "CBM 133"]
[Source "ChessBase"]
[SourceDate "2009.11.19"]
[SourceVersion "1"]
[SourceVersionDate "2009.11.19"]
[SourceQuality "1"]

{Nigel has a 3:2 lead, so it is quite simple for Zahar. He has to win the last
game, a draw is of no use. This "must win situation" is unpleasant, but every
chessplayer has already been in there.} 1. e4 e5 2. Nf3 Nc6 3. d4 {Zahar was
not too successful with the Ruy, so he goes for a new opening. But the real
surprise is his next move.} exd4 4. Bc4 {# The last time I saw this position
was probably when I played a junior tournament.} Nf6 5. e5 Ng4 {For the second
time in the match I try to find very old books to give you a little more
information. And I found a very nice book written by Keres in 1973. Those were
the days, the book has 350 pages and I could learn six or seven different
openings when I was 12 years old. Nigel's 5.Ng4 got half a page, and Keres
knew already in 1973 that "this knight move is better than it's reputation".}
6. O-O d6 7. exd6 Qxd6 {Keres recommended Bxd6. So do my engines.} 8. Na3 {
# White gets this Na3 for free, because Black has to play a6 to stop Nb5.} a6
9. h3 Nh6 $1 {The first move which is not given by Keres. But modern players
do not mind putting their knights on the rim. It is important to have f7 well
protected.} 10. Re1+ Be7 11. Bg5 Nf5 {#} 12. Bb3 $5 {Here Zahar spent oceans
of time to make g4 work.} ({But after} 12. g4 h6 13. Bd2 {Black has} Ne3 $1 14.
fxe3 (14. Bxe3 dxe3 15. Rxe3 O-O {does not give much.}) 14... h5 {is
recommended by my engines.} (14... Qg3+ {is good enough too.})) ({The quiet} 
12. Bd3 {may be the best chance. After} O-O 13. Bxf5 Bxf5 14. Bxe7 Nxe7 15.
Qxd4 {White has his pawn back.} Nc6 16. Qxd6 cxd6 17. Rad1 {with a lasting
advantage is unpleasant for Black.}) 12... O-O 13. Nc4 Qd8 14. Bxe7 Nfxe7 15.
Nce5 h6 16. Qd3 Nxe5 17. Rxe5 Nc6 18. Rh5 {# good old coffehouse chess.} Qf6
19. g4 (19. Ng5 $2 {could have worked in a coffehouse 150 years ago but not in
Mukachevo today. After} Bf5 20. Nxf7 Bxd3 21. Nxh6+ Kh7 $1 ({of course not} 
21... Kh8 $4 22. Nf7+ Kg8 23. Rh8#) 22. Ng4+ Kg6 {Black is winning.}) 19... Be6
20. g5 {#} Qg6 (20... Qf5 {was also playable. After} 21. Qxf5 Bxf5 22. gxh6 g6
23. Rh4 Rad8 {the position is equal according to my engines. But I understand
perfectly well that Nigel did not go for this. This "weak" h-pawn is still
dangerous.}) 21. Qxg6 fxg6 22. Bxe6+ Kh7 23. Rh4 Rxf3 24. Bd5 Rf5 25. Bxc6 bxc6
{Black has a shattered pawn structure but his rooks are very active. He is not
in danger.} 26. gxh6 Re8 27. hxg7+ Kxg7 28. Rxd4 Re2 29. Rd7+ Kh6 30. Rf1 Rxc2
31. b3 Rxa2 32. Rxc7 Rf3 {Draw agreed. So Nigel won the match 3.5:2.5.
Congratulations!} 1/2-1/2

[Event "Interzonal-16"]
[Site "Biel"]
[Date "1993.??.??"]
[Round "5"]
[White "Sveshnikov, Evgeny"]
[Black "Agdestein, Simen"]
[Result "1/2-1/2"]
[WhiteElo "2570"]
[BlackElo "2610"]
[Annotator "Blatny,P"]
[PlyCount "124"]
[EventDate "1993.07.16"]
[EventType "swiss"]
[EventRounds "13"]
[EventCountry "SUI"]
[SourceTitle "CBM 037"]
[Source "ChessBase"]
[SourceDate "1993.12.01"]
[SourceVersion "1"]
[SourceVersionDate "1993.12.01"]
[SourceQuality "1"]

1. e4 e5 2. Nf3 Nc6 3. Bc4 Nf6 4. d4 exd4 5. e5 Ng4 (5... d5 $5 6. Bb5 Ne4 7.
Nxd4 Bc5 $5) 6. Qe2 Qe7 7. Bf4 f6 (7... d6 $5 8. exd6 Qxe2+ 9. Kxe2 Bxd6) 8.
exf6 gxf6 $5 9. O-O (9. Nbd2) 9... Qxe2 10. Bxe2 Nge5 11. Nbd2 (11. Re1) 11...
d5 (11... Bc5 12. Nb3 Bb6 13. Rad1 Nxf3+ 14. Bxf3 O-O 15. Bxc6 $14) 12. Nb3 Bd7
(12... Bg4 $5 13. Nfxd4 (13. Rfe1 Bxf3 14. Bxf3 O-O-O $13) 13... Bxe2 14. Nxe2
O-O-O 15. Ng3 $14 {><f5}) 13. Nfxd4 Nxd4 14. Bh5+ $1 Ng6 15. Nxd4 O-O-O 16. Bg3
$14 c5 17. Ne2 $1 Bf5 18. c3 Bh6 19. b4 $1 $16 b6 20. a4 $6 (20. bxc5 $142 bxc5
21. f4 $16) 20... Bd3 21. a5 Kb7 $1 22. axb6 axb6 23. bxc5 bxc5 24. Rfd1 Bc2
25. Bf3 $1 Bxd1 26. Rxd1 Rhe8 27. c4 f5 28. Rb1+ Kc8 $6 (28... Ka6 $5 29. Ra1+
(29. Bc7 $6 Rd7 (29... Nh4 30. Rb6+ Ka7 31. Bxd8 $16) 30. Ra1+ Kb7 31. Ba5 Nh4
32. Bh5 $13) 29... Kb6 30. Rb1+ Ka6 $10) 29. Rb8+ Kd7 30. Rb7+ Ke6 (30... Kc6
31. Rxh7 $16) 31. cxd5+ Kf6 32. Bc7 Ra8 33. g3 Ra2 34. Kf1 Rd2 $1 35. Ba5 Rd3
36. Kg2 Bd2 37. Bb6 Ne5 38. Bh5 Rc8 39. Nf4 $2 (39. f4 $142 $1 Ng6 $8 40. Rd7 {
/\ Bd8+/-}) 39... Bxf4 40. gxf4 Ng6 41. Bxg6 hxg6 $2 (41... Kxg6 $17) 42. Rd7
$1 g5 (42... c4 $142 43. Bd8+ Rxd8 44. Rxd8 c3 $10) 43. Bd8+ Rxd8 (43... Kg6
44. fxg5 c4 45. Rd6+ Kh5 46. h3 Rxd8 $8 47. Rxd8 Kxg5 $10) 44. fxg5+ Kxg5 45.
Rxd8 c4 $10 46. d6 c3 47. d7 c2 48. Rc8 Rxd7 49. Rxc2 Rd4 50. Rc3 Ra4 51. h3
Rb4 52. Kg3 Ra4 53. Rc8 Ra3+ 54. Kg2 Ra7 55. Rg8+ Kf4 56. Rg3 Rh7 57. Rf3+ Ke4
58. Ra3 Rg7+ 59. Kh2 Kf4 60. h4 Rh7 61. Kh3 Rh8 62. Ra7 Rh6 1/2-1/2

[Event "YUG Cup"]
[Site "Ulcinj"]
[Date "1998.??.??"]
[Round "2"]
[White "Simonovic, Aleksandar"]
[Black "Petronic, Jovan"]
[Result "1/2-1/2"]
[WhiteElo "2430"]
[BlackElo "2450"]
[Annotator "Bulletin"]
[PlyCount "60"]
[EventDate "1998.??.??"]
[EventType "team"]
[EventRounds "7"]
[EventCountry "YUG"]
[SourceTitle "EXT 1999"]
[Source "ChessBase"]
[SourceDate "1998.11.16"]
[SourceVersion "1"]
[SourceVersionDate "1998.11.16"]
[SourceQuality "1"]

1. e4 e5 2. Nf3 Nc6 3. d4 exd4 4. Bc4 Nf6 5. O-O Nxe4 6. Re1 d5 7. Bxd5 Qxd5 8.
Nc3 Qh5 9. Nxe4 Be6 10. Bg5 Bd6 11. c4 h6 12. Nxd6+ cxd6 13. Bf4 O-O (13... Qc5
$5) 14. Nxd4 Qxd1 15. Rexd1 Bxc4 16. Nf5 Be6 17. Nxd6 Rfd8 18. Nxb7 Rxd1+ 19.
Rxd1 Bxa2 20. h4 Re8 21. Rd6 Re1+ 22. Kh2 Re4 23. Bg3 Rc4 24. Nd8 Nxd8 25.
Rxd8+ Kh7 26. Rd7 Ra4 27. f3 a6 28. Be1 Be6 29. Ra7 Kg6 30. Kg3 h5 1/2-1/2

[Event "Porz op"]
[Site "Cologne"]
[Date "1982.08.20"]
[Round "7"]
[White "Paulsen, Dirk"]
[Black "Hort, Vlastimil"]
[Result "0-1"]
[WhiteElo "2315"]
[BlackElo "2590"]
[Annotator "Bulletin"]
[PlyCount "46"]
[EventDate "1982.08.14"]
[EventType "swiss"]
[EventRounds "9"]
[EventCountry "GER"]
[SourceTitle "EXT 2006"]
[Source "ChessBase"]
[SourceDate "2005.11.24"]
[SourceVersion "1"]
[SourceVersionDate "2005.11.24"]
[SourceQuality "1"]

1. e4 e5 2. Bc4 Nc6 3. Nf3 Bc5 4. c3 Nf6 5. d4 exd4 6. O-O Nxe4 7. cxd4 d5 8.
dxc5 dxc4 9. Qe2 Qd3 10. Re1 f5 11. Nc3 O-O 12. Nxe4 fxe4 13. Qxe4 Bf5 14. Qh4
(14. Qf4 Rac8 {mit gleichem Spiel.}) 14... Rae8 15. Bf4 Be4 16. Re3 Qd7 17.
Rae1 $2 (17. Ng5 $1 Bd3 18. Rae1 {der Springer muss auf dem Brett bleiben,
außerdem bleibt der Königsflügel ungeschwächt.}) 17... Bxf3 18. Rxe8 Rxe8 19.
Rxe8+ Qxe8 20. gxf3 Nd4 21. Kg2 {Weiß findet schon keine anderen Züge mehr, um
Ne2+ oder Nxf3+ abzuwehren.} Qf8 $1 22. Qg5 $2 ({Da} 22. Qg4 {an} h5 {
scheitert,}) ({muss wohl oder übel} 22. Be3 {geschehen.}) 22... Ne6 23. Qd5 Qf7
0-1

[Event "St Petersburg op"]
[Site "St Petersburg"]
[Date "1994.??.??"]
[Round "6"]
[White "Sveshnikov, Evgeny"]
[Black "Bezgodov, Alexei"]
[Result "1/2-1/2"]
[WhiteElo "2585"]
[BlackElo "2425"]
[Annotator "Chekhov,V"]
[PlyCount "71"]
[EventDate "1994.02.??"]
[EventType "swiss"]
[EventRounds "9"]
[EventCountry "RUS"]
[SourceTitle "CBM 041"]
[Source "ChessBase"]
[SourceDate "1994.08.01"]
[SourceVersion "1"]
[SourceVersionDate "1994.08.01"]
[SourceQuality "1"]

1. e4 e5 2. Nf3 Nc6 3. Bc4 Nf6 4. d4 exd4 5. O-O Nxe4 6. Re1 d5 7. Bxd5 Qxd5 8.
Nc3 Qh5 (8... Qa5 9. Nxe4 Be6 10. Neg5 O-O-O 11. Nxe6 fxe6 12. Rxe6 Bd6 (12...
h6 13. Qe2 Bd6 14. h3 Qf5 15. a3 Kd7 16. Re4 Rde8 17. Rxe8 Rxe8 18. Qd1 Re4 (
18... a5 $5) 19. b4 $1 $14 {Djurhuus,R-Blees,A/Gausdal/1993/1:0 (36) Inf 56/
350/}) 13. Qe2 Qh5 $1 14. Qe4 Rde8 $10 {Kamsky,G-Ye,R/Manila(izt)/1990/0:1 (55)
Inf 49/376/}) 9. Nxe4 Be6 10. Bg5 {Saverymuttu,R-Cristiansen,L/USA/1972/ Inf
14/259/} Bd6 (10... h6 $2 11. Bf6 $1 Qa5 12. Nxd4 $1 gxf6 13. Nxf6+ Ke7 14. b4
Nxb4 15. Nxe6 Kxf6 16. Qd4+ $18 {Rossolimo,N-Prins,L/BEL/1951/}) (10... Bb4 11.
c3 dxc3 12. bxc3 Ba5 13. h4 h6 14. Ng3 Qg6 15. h5 Qh7 16. Qb3) 11. c4 $5 $146 (
11. Bf6 O-O 12. Nxd6 cxd6 13. Bxd4 Bg4 14. Re3 Rae8 $10) 11... O-O (11... dxc3
12. Nxd6+ cxd6 13. Qxd6 $36) 12. c5 Be5 $1 (12... Be7 $6 13. Bxe7 Nxe7 14. Nxd4
Qxd1 15. Raxd1 $16 {/\15...Ba2 16.Nc3/}) 13. Nxe5 Qxd1 14. Raxd1 Nxe5 15. Rxd4
f6 (15... Bxa2 16. Nc3 Nc6 17. Rd7 Rfe8 18. Rxe8+ Rxe8 19. f3 Bc4 20. Rxc7 $14)
16. Bf4 Bxa2 17. Nc3 Bf7 (17... Nc6 18. Rd7 Rae8 19. Rxe8 (19. Ra1 $5) 19...
Rxe8 20. f3 Bc4 21. Rxc7) 18. Bxe5 fxe5 (18... Rae8 19. Rd7 $16) 19. Rxe5 (19.
Rd7 Rac8 20. Rxe5 Rfe8 21. f4 Rxe5 22. fxe5 Be8 23. Rd2 Bc6 $13) 19... Rae8 20.
f4 Rxe5 21. fxe5 Be6 22. Nb5 Rf5 $1 23. Re4 (23. Rd8+ $5 Kf7 24. Rb8 Rxe5 25.
Rxb7 Rxc5 26. Nxc7 Bc8 $1 27. Rxa7 Rc1+ 28. Kf2 Rc2+ 29. Kg3 Rxb2 30. Nd5+ Rb7
$10) 23... Rf7 $1 (23... c6 24. Nd4 Bd5 25. Nxf5 Bxe4 26. Nd6) 24. Nxa7 $5 (24.
Nd4 Re7 $10) 24... c6 25. b4 Rf8 26. b5 cxb5 27. Nxb5 Rc8 28. Nd4 Kf7 29. Nxe6
Kxe6 30. Rb4 Rc7 $1 $10 31. Rb5 Kd5 32. Kf2 Kc6 33. Rb3 Re7 (33... Kxc5 34. Ke3
Kd5 35. Rb5+ Ke6 36. g4) 34. Kf3 Rxe5 35. Rb6+ Kc7 36. Rb5 1/2-1/2

[Event "Vladivostok"]
[Site "Vladivostok"]
[Date "1994.??.??"]
[Round "1"]
[White "Sveshnikov, Evgeny"]
[Black "Semeniuk, Alexander A"]
[Result "1-0"]
[WhiteElo "2585"]
[BlackElo "2415"]
[Annotator "Chekhov,V"]
[PlyCount "67"]
[EventDate "1994.??.??"]
[EventType "swiss"]
[EventRounds "9"]
[EventCountry "RUS"]
[SourceTitle "CBM 043 Extra"]
[Source "ChessBase"]
[SourceDate "1995.01.01"]
[SourceVersion "1"]
[SourceVersionDate "1995.01.01"]
[SourceQuality "1"]

1. e4 e5 2. Nf3 Nc6 3. Bc4 Nf6 4. d4 exd4 5. e5 Ng4 6. Qe2 Qe7 7. Bf4 f6 (7...
d6 $5 8. exd6 cxd6 9. Nbd2 Bf5 10. Nb3 Qxe2+ 11. Kxe2 Nge5 12. Bb5 Nxf3 13.
Kxf3 O-O-O 14. Bxc6 bxc6 15. Nxd4 Bd7 $13) (7... d6 8. exd6 cxd6 9. Nbd2 Bf5
10. Nb3 Qxe2+ 11. Kxe2 Nge5 12. Bb5 Nxf3 13. Kxf3 O-O-O 14. Bxc6 bxc6 15. Nxd4
Bd7 $13 {Valvo,M-Levitt,M/USA/1992/0:1/40/}) 8. exf6 Nxf6 (8... gxf6 $5 9. O-O
Qxe2 10. Bxe2 Nge5 11. Nbd2 d5 12. Nb3 Bd7 13. Nfxd4 Nxd4 14. Bh5+ Ng6 15. Nxd4
O-O-O 16. Bg3 $14 {Sveshnikov,E-Agdestein,S/Biel(izt)/1993/0,5/63/}) (8...
Qxe2+ 9. Kxe2 Nxf6 10. Nbd2 $1 d6 11. Rhe1 Bf5 12. Kf1+ Kd7 13. Nb3 Be4 14.
Nbxd4 Nxd4 15. Nxd4 $14 {Sveshnikov,E-Rodriguez,R/Manila/1982/}) 9. Nbd2 (9.
Bxc7 $6 d6 10. Bb5 Qxe2+ 11. Kxe2 Kd7 12. Ba5 a6 13. Bxc6+ bxc6 $10) 9... d5 $5
(9... Qxe2+ 10. Kxe2 Bc5 11. Rhe1 d5 12. Kf1+ Kd8 13. Bd3 Nb4 14. Nb3 $14 {
Sveshnikov,E-Ehlvest,J/Helsinki/1992/}) 10. Bb5 Qxe2+ 11. Kxe2 a6 12. Bd3 (12.
Bxc6+ bxc6 13. Bxc7 (13. Nxd4 c5 14. N4f3 c6) 13... Bg4) 12... Bg4 13. Bxc7 Rc8
$6 (13... Kd7 $5 14. Bg3 Re8+ 15. Kf1 Bd6 $132) 14. Bg3 Bb4 15. h3 Bxf3+ (15...
Bh5 16. Bf5 Rd8 17. Bh4 $14) 16. Nxf3 $16 O-O 17. Rhd1 Ne4 18. Bh2 Rf6 $6 (
18... Bd6 $5 19. Bxd6 (19. Bxe4 dxe4 20. Bxd6 exf3+ 21. gxf3 Rce8+ $17) 19...
Nxd6 20. Kf1 Rf4 21. Re1 Nc4 $5 $14) 19. Kf1 Bc5 20. Re1 Re8 21. Re2 Rfe6 22.
Rae1 h6 23. a3 b5 $6 (23... Kf7 $1) 24. Kg1 Bb6 (24... Kf7 $5) 25. Nh4 $1 $16
Ba5 26. b4 Bd8 27. Nf5 Bf6 28. Nd6 $18 Rxd6 29. Bxd6 Rd8 30. Bf4 Kf7 31. Bxe4
dxe4 32. Rxe4 d3 33. cxd3 g5 34. Rc1 1-0